000 00496nam a2200181Ia 4500
003 GCL
008 140319s9999 xx 000 0 eng d
040 _aGCL /
_cGCL
082 0 4 _a751.4
_bS P
100 1 _aSTEPHENSON, JONATHAN
245 1 0 _aPAINT WITH THE IMPRESSIONISTS /
_cSTEPHENSON, JONATHAN
260 _a[S.N] :
_bTHAMES AND HUDSON ،
_c1995
300 _a160
650 0 4 _aPAINTING
650 0 4 _aPAINTING - ILLUSTRATION
650 0 4 _aPAINT WITH THE IMPRESSIONISTS
942 _2ddc
_cBK
999 _c25343
_d25343